000 00205 a2200097 4500
001 31453
100 _aKutti P Y
245 _aData Structure in C++
260 _aNew Delhi
_bPHI
_c
090 _c21337
_d21337
942 _aNUST-CAE
_cM
_c12600
999 _c266526
_d266526